000 00318nam a2200121Ia 4500
008 240624s9999 xx 000 0 und d
041 _aeng
082 _a658.81 MAC
100 _aMACTEAR JOHN
245 _aFAST TRACK TO SUCCESS SALES
260 _c2009
_aLondon
_bFT Prentice Hall
300 _axix, : 212 : p. : cm. ; 23
999 _c21518
_d21518